banner-ar

LE MUSEE NATIONAL DU LOUVRE LE PENTURE EN EUROPE / (Record no. 19570)

MARC details
000 -الفاتح
حقل البيانات ثابتة الطول 00535nam a2200205Ia 4500
008 - عناصر البيانات ثابتة الطول - معلومات عامة
حقل البيانات ثابتة الطول 140319s9999 xx 000 0 eng d
040 ## - مصدر الفهرسة
وكالة الفهرسة الأصلية GCL /
وكالة النسخ GCL
082 04 - رقم تصنيف ديوى العشرى
رقم التصنيف 708.4
رقم المادة L M
100 1# - المدخل الرئيسى - إسم شخصى
الإسم الشخصى LAFENESTRE, GEARGES
245 10 - بيان العنوان
العنوان LE MUSEE NATIONAL DU LOUVRE LE PENTURE EN EUROPE /
بيان المسئوليه,etc LAFENESTRE, GEARGES
300 ## - الوصف المادى
التعداد 412 P
650 04 - المدخل الاضافى بالموضوع-مصطلح موضوعى
مصطلح موضوعي MUSEUMS
650 04 - المدخل الاضافى بالموضوع-مصطلح موضوعى
مصطلح موضوعي PARIS
650 04 - المدخل الاضافى بالموضوع-مصطلح موضوعى
مصطلح موضوعي ARTS
650 04 - المدخل الاضافى بالموضوع-مصطلح موضوعى
مصطلح موضوعي PAINTING
650 04 - المدخل الاضافى بالموضوع-مصطلح موضوعى
مصطلح موضوعي LOUVER MUSEUME
942 ## - عناصر المدخل الإضافي( كوها)
مصدر التصنيف او مخطط الترفيف Dewey Decimal Classification
Koha [default] item type كتاب
260 ## - PUBLICATION, DISTRIBUTION, ETC. (IMPRINT)
-- [S.N] :
-- SOCIETE FRAM CAISE D'EDITIONS L'ART
Holdings
حالة التراجع حالة الفقد حالة تلف ليس للاعارة المكان المؤقت الموقع الحالى تاريخ الاكتساب اجمالي اﻻعارات رقم الطلب الباركود تاريخ اخر مشاهدة تاريخ تفعيل السعر نوع وعاء كوها
        مكتبة القاهرة الكبرى مكتبة القاهرة الكبرى 03/26/2014   708.4\L M 37245 03/26/2014 03/26/2014 كتاب

Powered By

EGPV